000 00436nam a2200181Ia 4500
001 4814
005 20260306145822.0
008 260306t1976||||xx |||||||||||||| ||spa||
041 _aESP
082 _a330.1512
_bS793
100 _aSweezy, P. M.
_eAUT
245 0 _aLa transición del feudalismo al capitalismo
260 _c1976
300 _a149 pƔginas :
_c20 cm.
650 _aGEN
654 _aCAN
942 _cLIB
_dJUS
_fJUS
_2ddc
_n
999 _c4814
_d4814